Every country ever participating at ESC - Statistics

General Stats
  • This quiz has been taken 16 times
  • The average score is 47 of 52
Answer Stats
Best Place Answer % Correct
5. Albania
100%
2. Australia
100%
1. Belgium
100%
1. Denmark
100%
1. Estonia
100%
1. Finland
100%
1. France
100%
1. Germany
100%
1. Ireland
100%
1. Italy
100%
1. Latvia
100%
1. Netherlands
100%
2. Poland
100%
1. Portugal
100%
1. Russia
100%
19. San Marino
100%
18. Slovakia
100%
7. Slovenia
100%
1. Sweden
100%
1. United Kingdom
100%
6. Belarus
93%
3. Bosnia and Herzegovina
93%
2. Croatia
93%
6. Czechia
93%
1. Greece
93%
2. Iceland
93%
1. Israel
93%
6. Lithuania
93%
1. Luxembourg
93%
2. Malta
93%
7. North Macedonia
93%
1. Norway
93%
3. Romania
93%
1. Spain
93%
1. Switzerland
93%
1. Ukraine
93%
SF 12. Andorra
86%
1. Austria
86%
2. Bulgaria
86%
2. Cyprus
86%
4. Hungary
86%
1. Monaco
86%
1. Serbia
86%
2. Serbia and Montenegro
86%
3. Armenia
79%
3. Moldova
79%
1. Turkey
79%
13. Montenegro
71%
1. Azerbaijan
64%
9. Georgia
64%
1. Yugoslavia
64%
18. Morocco
57%
No matching quizzes found
Score Distribution
Percent of People with Each Score
Percentile by Number Answered
Your Score History
You have not taken this quiz